000 00672nam a22002417a 4500
003 UA-OsUOA
001 91937
007 ta
008 20121207b un ||||| |||| 00| 0 ukr d
100 _aШпаковатий М. І.
090 _a821.161.2
_bШ83
942 _cBK
040 _aUA-OsUOA
_bukr
_cUA-OsUOA
_dUA-OsUOA
245 _aМонологи осені
_bповість, оповідання
300 _a365 с.
955 _a3
041 _aukr
080 _a821.161.2
020 _a5-333-00036-0
260 _aК.
_bРад. письменник
_c1988
650 7 _a82 Література. Літературознавство
_2UDC
999 _c378195
_d378195